| 000 | 00736nam a2200205 a 4500 | ||
|---|---|---|---|
| 005 | 20240613063706.0 | ||
| 008 | 991125s1948 mx 000 0 spa u | ||
| 035 | _aUPN01000004492 | ||
| 049 | _aLT | ||
| 050 | 4 |
_aLB1583 M6.3 _bM6.2 1948 |
|
| 100 | 1 |
_aMonroy Padilla, Salvador _929364 |
|
| 245 | 1 | 0 |
_aArreglo geográfico del Distrito Federal / _cSalvador Monroy Padilla. |
| 250 | _a18a ed. | ||
| 260 |
_aMéxico : _bMonroy Padilla, _c1948. |
||
| 300 |
_a103 p. : _bil., mapas |
||
| 500 | _a"Desarrolla el programa oficial de la materia para el tercer año de educación primaria" | ||
| 650 | 4 |
_aGeografía _xEstudio y enseñanza (Elemental) _92801 |
|
| 651 | 4 |
_aDistrito Federal (México) _xDescripción y viajes _917688 |
|
| 905 | _aLibro | ||
| 999 |
_c4492 _d4492 |
||